000
00341nam a2200145Ia 4500
008
150201s2000 xx 000 0 und d
082
_a
617.63
_b
T2000F
100
_a
FRICTION,JAMES
245
_a
TMJ & CRANIOFACIAL PAIN
250
_a
1ST
260
_b
AIPD
_a
DELHI
_c
2000
300
_a
1-182
650
_a
ORAL MEDICINE
942
_2
ddc
_c
BK
_0
2
999
_c
3774
_d
3774